Cultura, desarrollo humano, y curriculum
Kaydedildi:
| Müşterek Yazar: | |
|---|---|
| Materyal Türü: | Kitap |
| Dil: | İspanyolca |
| Baskı/Yayın Bilgisi: |
Santiago
ACHCED-UNESCO
1986
|
| Konular: | |
| Etiketler: |
Etiketle
Etiket eklenmemiş, İlk siz ekleyin!
|
MARC
| LEADER | 00000nam a2200000 a 4500 | ||
|---|---|---|---|
| 001 | UCW3900 | ||
| 003 | CL-VaPUC | ||
| 008 | 890531e19860000CL |||||||||||||||||spa|d | ||
| 082 | 0 | 4 | |a 375 |b ASO |2 21 |
| 110 | 2 | |a Asociación Chilena de Currículum Educacional |e author |9 308325 | |
| 245 | 1 | 0 | |a Cultura, desarrollo humano, y curriculum |
| 300 | |a 42 h | ||
| 942 | |c BK | ||
| 945 | |d 19890531 00:00:00 | ||
| 260 | |a Santiago |b ACHCED-UNESCO |c 1986 | ||
| 650 | 0 | |a Currículo |9 307290 | |
| 583 | |a last modification |c 19890531 00:00:00 |k Rodrigo Vera | ||
| 999 | |c 217760 |d 217758 | ||
| 952 | |0 0 |1 0 |4 0 |6 375_000000000000000_ASO_1986 |7 0 |8 P |9 205964 |a BIBEDU |b BIBEDU |c BIBEDU_PB |d 2019-11-15 |i 2739186 |o 375 ASO 1986 |p 2739186 |r 2024-01-25 |w 2019-11-15 |y BK |k EDU | ||